all trig unit circle to memorize - Statistics

General Stats
  • This quiz has been taken 34 times
  • The average score is 7 of 20
Answer Stats
Hint Answer % Correct
sin(π) 0
67%
cos(π/3) 1/2
60%
cos(π) minus 1
56%
sin(0) 0
50%
cos(0) 1
50%
cos(π/4) sqrt2/2
50%
cos(π/6) sqrt3/2
44%
cos(5π/3) 1/2
43%
cos(π/2) 0
42%
sin(π/2) 1
42%
sin(11π/6) minus 1/2
40%
sin(5π/3) minus sqrt3/2
40%
sin(π/4) sqrt2/2
40%
cos(3π/4) minus sqrt2/2
38%
sin(5π/4) minus sqrt2/2
38%
sin(3π/4) sqrt2/2
36%
cos(5π/4) minus sqrt2/2
33%
sinπ/6) 1/2
30%
sin(5π/6) 1/2
27%
sin(2π/3) sqrt3/2
25%
cos(11π/6) sqrt3/2
22%
cos(2π/3) minus 1/2
20%
sin(7π/4) minus sqrt2/2
20%
sin(4π/3) minus sqrt3/2
20%
cos(5π/6) minus sqrt3/2
18%
cos(4π/3) minus 1/2
17%
cos(7π/6) minus sqrt3/2
14%
sin(3π/2) minus 1
13%
cos(3π/2) 0
11%
sin(π/3) sqrt3/2
11%
sin(7π/6) minus 1/2
10%
cos(7π/4) sqrt2/2
0%
No matching quizzes found
Score Distribution
Percent of People with Each Score
Percentile by Number Answered
Your Score History
You have not taken this quiz